00218nam a2200085Ia 4500008004100000041000800041100001900049245003200068260003200100231107s1985 xx 000 0 und d aeng aEdward De Bono aDe Bono''s Thinking Course. aLondonbFacts on Filec1985